LEADER 01751nam a2200337 u 4500 001 000000028018 003 CaOOAMICUS 005 20070226111744.0 008 960401m19691976it u000 u ita u 035 $a10727796 040 $aAAR$bita$dPUL(R) 100 1 $aCapogrossi Colognesi, Luigi.$0(OLS)http://pul/name/22842 245 13$aLa struttura della proprietà e la formazione dei "iura praediorum" nell'età repubblicana /$cLuigi Capogrossi Colognesi. 260 $aMilano :$bA. Giuffrè,$c1969-1976. 300 $a2 v. ;$c26 cm 490 1 $aPubblicazioni dell'Istituto di diritto romano e dei diritti dell'Oriente mediterraneo ;$v42 500 $aInclude indici. 504 $aBibliografia in nota. 650 0$aProperty (Roman law).$2//eng$0(OLS)http://pul/subject/2721 830 0$aPubblicazioni dell'Istituto di diritto romano e dei diritti dell'Oriente mediterraneo ;$v42.$0(OLS)http://pul/title/1482 850 $aPUL 852 $aPUL$W1$xSL Diritto e Scienze Sociali 1$y4$m189 B 124-125$j38958$nBK-PRI$b $qStampati$B38958$CPULBib$Z2$F38958 $H $81 852 $aPUL$W1$xSL Diritto e Scienze Sociali 1$y4$m189 B 124-125$j38958$nBK-PRI$b $qStampati$B38959$CPULBib$Z2$F38959 $H $81 852 $aPUL$W1$xDP1 Fondo Ciprotti$y59$m1538 E 22$j38960$nBK-PRI$b $qFondi$B38960$CPULBib$Z2$F38960 $H $81 941 1 $a8 941 1 $a1 961 $aINV: 31961 961 $aINV: 31961 961 $aINV: Fondo Ciprotti 996 $6245$aLa struttura della proprietà e la formazione dei "iura praediorum" nell'età repubblicana$9(OLS)http://pul/title/38285 996 $6260$aMilano :$bA. Giuffrè$9(OLS)http://pul/publisher/48096 LEADER 01488nam a2200301 a 4500 001 000000144107 003 CaOOAMICUS 005 20150615133339.0 008 150615s1996 it u000 u ita r 020 $z8837216033* 040 $aPUL$bita 100 1 $aBianchi, Enzo,$d1943-$0(OLS)http://pul/name/26766 245 11$a"Non vi sarà più notte" :$bnotte della fede, notte della Chiesa, seminario di spiritualità della "Rosa Bianca" (Milano, 28 ottobre 1995) /$cEnzo Bianchi, Luciano Manicardi, Carlo Maria Martini. 260 $aBrescia :$bMorcelliana,$c©1996. 300 $a120 p. ;$c19 cm 490 1 $aIl pellicano 650 4$aSpiritualità.$0(OLS)http://pul/subject/843 700 1 $aMartini, Carlo Maria,$ccardinale, arcivescovo di Milano,$d1927-2012.$0(OLS)http://pul/name/6653 700 1 $aManicardi, Luciano.$0(OLS)http://pul/name/92534 830 3$aIl pellicano (Morcelliana).$0(OLS)http://pul/title/78156 850 $aPUL 852 $aPUL$W1$xDP1 Fondo S. Lanza$y121$m3 C 29$j74545$qFondi$B166708$CPULBib$Z2$F166708 $HLan2314 $82 941 1 $a1 961 $aNota ms. di possesso: Sergio Lanza 996 $6020$z8837216033*$9(OLS)http://pul/number/157920 996 $6245$a"Non vi sarà più notte" :$bnotte della fede, notte della Chiesa, seminario di spiritualità della "Rosa Bianca" (Milano, 28 ottobre 1995)$9(OLS)http://pul/title/182310 996 $6260$aBrescia :$bMorcelliana$9(OLS)http://pul/publisher/47854